[Event "Subang Jaya op 12th"]
[Site "Subang Jaya"]
[Date "2024.01.27"]
[Round "2"]
[White "Low, Chee Pang"]
[Black "Goh, Li Fan"]
[Result "1-0"]
[WhiteElo "1726"]
[BlackElo "1329"]
[PlyCount "71"]
[EventDate "2024.01.27"]
[EventType "swiss"]
[EventRounds "8"]
[EventCountry "MAS"]
[SourceTitle "CB06_2024"]
[SourceDate "2024.02.07"]
[SourceVersion "1"]
[SourceVersionDate "2024.02.07"]
[SourceQuality "1"]

1. d4 Nf6 2. Bf4 d5 3. e3 Bg4 4. Be2 Bf5 5. Nd2 e6 6. c4 c6 7. Qb3 b6 8. Ngf3 Be7 9. Rc1 0-0 10. 0-0 c5 11. Rfd1 Nbd7 12. h3 Bg6 13. Ne5 cxd4 14. Nc6 Nc5 15. Qa3 Qd7 16. Nxe7+ Qxe7 17. exd4 e5 18. dxe5 Nfd7 19. cxd5 Nxe5 20. Qe3 Rfe8 21. Bxe5 Qxe5 22. Nc4 Qf6 23. Qf3 Qg5 24. Ne3 Rad8 25. Rd4 Be4 26. Qg4 Qe5 27. Rcd1 f5 28. Qh4 Ne6 29. Nc4 Qxd4 30. Rxd4 Nxd4 31. Bh5 g6 32. f3 Ne2+ 33. Kf2 Bd3 34. Ne5 Rxd5 35. Nxg6 Rd4 36. Ne7+ 1-0